| 000 | 00688cam a22002291 4500 | ||
|---|---|---|---|
| 001 | he 65001360 | ||
| 003 | DLC | ||
| 005 | 20260227111433.0 | ||
| 008 | 840307s1965 is 000 0 heb | ||
| 010 | _ahe 65001360 | ||
| 035 | _a(OCoLC)19161259 | ||
| 040 |
_aDLC _cMH _dDLC |
||
| 042 | _apremarc | ||
| 050 | 0 | 0 |
_aHD3555.P22 _bG5 |
| 100 | 1 |
_aGilboa, Moshe, _d1922- |
|
| 245 | 1 | 0 | _aTemurot be-Ḥeverat ha-ʻovdim uve-ḳoʼoperatsyah. |
| 260 |
_a[Tel Aviv] : _bTarbut ṿe-hinukh, _c[1965] |
||
| 300 |
_a148 p. ; _c22 cm. |
||
| 610 | 2 | 0 |
_aHistadrut ha-kelalit shel ha-ʻovdim ha-ʻIvrim be-Erets-Yiśraʼel. _bḤevrat ʻovdim. |
| 650 | 0 | _aCooperation. | |
| 752 |
_aIsrael _dTel Aviv |
||
| 999 |
_c31345 _d31345 |
||